000 00335nam a2200133Ia 4500
008 240624s9999 xx 000 0 und d
041 _aeng
082 _a658.85 GIT
100 _aGITOMER JEFFREY
245 _aKNOCK YOUR SOCKS OFF SELLING
260 _c1999
_aNew York
_bAMACOM
300 _axiv, : 205 : p. : cm. ; 23
365 _c
_b28
999 _c22056
_d22056